000
00337nam a2200145Ia 4500
008
230718s9999 xx 000 0 und d
041
_a
Eng.
082
_a
345.491
_b
MEH-T
100
_a
Mehmood, M.
245
4
_a
The Registration Act
260
_a
Pakistan
_b
Lefal nessaals Court
_c
2007
300
_a
357
650
_a
Law
999
_c
28336
_d
28336